Personajes que murieron o nacieron fuera de su país - Estadísticas

Estadísticas generales
  • Esta prueba ha sido intentada 35 veces
  • La puntuación promedio es 6 de 14
Estadísticas de respuestas
Hint Respuesta % Correcto
Nacimiento de Adolf Hitler Austria
100%
Muerte de Albert Einstein Estados Unidos
65%
Muerte de Pablo Picasso Francia
61%
Nacimiento de Marie Curie Polonia
61%
Muerte de Ernesto 'El Che' Guevara Bolivia
55%
Muerte de Leon Trotski Mexico
45%
Muerte de Francisco de Magallanes Filipinas
35%
Muerte de Karl Marx Reino Unido
35%
Nacimiento de Freddie Mercury Tanzania
29%
Muerte de Americo Vespucio España
23%
Nacimiento de Alejandro Amenabar Chile
23%
Muerte de Alejandro Magno Irak
23%
Muerte de Chang Kai Shek Taiwan
23%
Muerte de Charles Chaplin Suiza
19%
No se encontraron pruebas coincidentes
Distribución de puntuación
Porcentaje de gente con cada puntuación
Porcentaje por número respondido
Historial de tus puntuaciones
No has intentado esta prueba.